ՀՀ Գիտությունների ազգային ակադեմիայի հիմնարար գիտական գրադարան  =   Fundamental Scientific Library of NAS RA

Physics in medicine & biology encyclopedia : (Record no. 216415)

MARC details
000 -LEADER
fixed length control field 01016cam a2200289 a 4500
001 - CONTROL NUMBER
control field 000557783
003 - CONTROL NUMBER IDENTIFIER
control field AM-YeHGA
005 - DATE AND TIME OF LATEST TRANSACTION
control field 20250617140242.0
008 - FIXED-LENGTH DATA ELEMENTS--GENERAL INFORMATION
fixed length control field 851030s1986 enka bd 001 0 eng d
020 ## - INTERNATIONAL STANDARD BOOK NUMBER
International Standard Book Number 0080264972
040 ## - CATALOGING SOURCE
Original cataloging agency AM-YeHGA
041 0# - LANGUAGE CODE
Language code of text/sound track or separate title eng
060 #0 - NATIONAL LIBRARY OF MEDICINE CALL NUMBER
Classification number QT 13 P578
090 ## - LOCALLY ASSIGNED LC-TYPE CALL NUMBER (OCLC); LOCAL CALL NUMBER (RLIN)
-- 217938
245 00 - TITLE STATEMENT
Title Physics in medicine & biology encyclopedia :
Remainder of title Medical physics, bioengineering, and biophysics /
Statement of responsibility, etc. Editor : T.F. McAinsh.
250 ## - EDITION STATEMENT
Edition statement 1st ed.
260 ## - PUBLICATION, DISTRIBUTION, ETC.
Place of publication, distribution, etc. Oxford ;
-- New York :
Name of publisher, distributor, etc. Pergamon Press,
Date of publication, distribution, etc. 1986.
300 ## - PHYSICAL DESCRIPTION
Extent 2 v. :
Other physical details ill. ;
Dimensions 26 cm.
504 ## - BIBLIOGRAPHY, ETC. NOTE
Bibliography, etc. note Includes bibliogr. references and indexes.
505 0# - FORMATTED CONTENTS NOTE
Formatted contents note v. 1. A-M -- v. 2. N-Z & indexes.
Miscellaneous information Vol. 1 (xxi, 498 p.) :
Title A-M ;
Miscellaneous information Vol. 2 (vii, p. 499-980) :
Title N-Z
650 #0 - SUBJECT ADDED ENTRY--TOPICAL TERM
Topical term or geographic name entry element Medical physics
General subdivision Dictionaries
650 #0 - SUBJECT ADDED ENTRY--TOPICAL TERM
Topical term or geographic name entry element Biophysics
General subdivision Dictionaries
650 #0 - SUBJECT ADDED ENTRY--TOPICAL TERM
Topical term or geographic name entry element Biomedical engineering
General subdivision Dictionaries
650 #2 - SUBJECT ADDED ENTRY--TOPICAL TERM
Topical term or geographic name entry element Biophysics
General subdivision encyclopedias
700 1# - ADDED ENTRY--PERSONAL NAME
Personal name McAinsh, T. F.
Relationship edt
740 0# - ADDED ENTRY--UNCONTROLLED RELATED/ANALYTICAL TITLE
Uncontrolled related/analytical title Physics in medicine and biology encyclopedia
Holdings
Withdrawn status Lost status Source of classification or shelving scheme Damaged status Not for loan Collection Home library Current library Date acquired Serial enumeration / chronology Total checkouts Full call number Barcode Date last seen Price effective from Koha item type Public note
    Universal Decimal Classification     Gulbenkian Individual Collection Fundamental Scientific Library Fundamental Scientific Library 28/12/2016 Vol. 1   Gulb/5957 FL0018693 28/12/2016 28/12/2016 Գրքեր / Books ILL Non-Circ.
    Universal Decimal Classification     Gulbenkian Individual Collection Fundamental Scientific Library Fundamental Scientific Library 28/12/2016 Vol. 2   Gulb/5958 FL0018694 28/12/2016 28/12/2016 Գրքեր / Books ILL Non-Circ.


ՀՀ ԳԱԱ հիմնարար գիտական գրադարան
ՀՀ,Երևան 0019
Մարշալ Բաղրամյան 24/6
հեռախոս:(374-10) 52-47-50
Հետադարձ կապ

All site content, except where otherwise noted, is licensed under a
Creative Commons License